书目信息 |
| 题名: |
葱 姜 蒜类蔬菜设施栽培
|
|
| 作者: | 宋立晓 编著 | |
| 分册: | ||
| 出版信息: | 北京 中国农业出版社 2013 |
|
| 页数: | 194页 | |
| 开本: | 21cm | |
| 丛书名: | 谁种谁赚钱·设施蔬菜技术丛书 | |
| 单 册: | ||
| 中图分类: | S633.1 , S633.4 , S632.5 | |
| 科图分类: | ||
| 主题词: | 葱--栽培 , 姜--栽培 , 大蒜--栽培 , 葱--姜--大蒜 , 姜 , 大蒜 , 栽培技术 | |
| 电子资源: | ||
| ISBN: | 978-7-109-18430-5 | |
| 000 | 01226nam0 2200361 450 | |
| 001 | 012015000812 | |
| 005 | 20150914162027.53 | |
| 010 | @a978-7-109-18430-5@dCNY25.00 | |
| 100 | @a20140429d2013 em y0chiy50 ea | |
| 101 | 0 | @achi |
| 102 | @aCN@b110000 | |
| 105 | @aa z 000yy | |
| 106 | @ar | |
| 200 | 1 | @a葱 姜 蒜类蔬菜设施栽培@Acong jiang suan lei shu cai she shi zai pei@f宋立晓等编著 |
| 210 | @a北京@c中国农业出版社@d2013 | |
| 215 | @a194页@c图,照片@d21cm | |
| 225 | 1 | @a谁种谁赚钱·设施蔬菜技术丛书@f常有宏,余文贵,陈新主编 |
| 304 | @a编著者还有:陈正泰、杨峰、严继勇 | |
| 330 | @a本书详细介绍了大葱、生姜、大蒜、洋葱等蔬菜的设施栽培技术,包括品种类型与选择、培育壮苗方法、各种设施(日光温室、塑料大棚、遮阳网、防虫网等)高产栽培类型及栽培管理技术、病虫害防治以及采收、分级、包装及加工、贮藏方法等。 | |
| 461 | 0 | @12001 @a谁种谁赚钱·设施蔬菜技术丛书 |
| 606 | 0 | @a葱@x栽培 |
| 606 | 0 | @a姜@x栽培 |
| 606 | 0 | @a大蒜@x栽培 |
| 606 | 0 | @a葱@a姜@a大蒜 |
| 606 | 0 | @a姜 |
| 606 | 0 | @a大蒜 |
| 606 | 0 | @a栽培技术 |
| 690 | @aS633.1@v5 | |
| 690 | @aS633.4@v5 | |
| 690 | @aS632.5@v5 | |
| 701 | 0 | @a宋立晓@Asong li xiao@4编著 |
| 801 | 0 | @aCN@b碧洲教育@c20150718 |
| 905 | @a10447@f4@dS633.1@e325 | |
| 葱 姜 蒜类蔬菜设施栽培/宋立晓等编著.-北京:中国农业出版社,2013 |
| 194页:图,照片;21cm.-(谁种谁赚钱·设施蔬菜技术丛书/常有宏,余文贵,陈新主编) |
| ISBN 978-7-109-18430-5:CNY25.00 |
| 本书详细介绍了大葱、生姜、大蒜、洋葱等蔬菜的设施栽培技术,包括品种类型与选择、培育壮苗方法、各种设施(日光温室、塑料大棚、遮阳网、防虫网等)高产栽培类型及栽培管理技术、病虫害防治以及采收、分级、包装及加工、贮藏方法等。 |
| ● |
| 相关链接 |
|
|
|
|
正题名:葱 姜 蒜类蔬菜设施栽培
索取号:S633.1/325
 
预约/预借
| 序号 | 登录号 | 条形码 | 馆藏地/架位号 | 状态 | 备注 |
| 1 | 0847936 | 208479369 | 第二样本阅览室/ [索取号:S633.1/325] | 在馆 | |
| 2 | 0847937 | 208479378 | 密集书库-生命科学系/ [索取号:S633.1/325] | 在馆 | |
| 3 | 0847938 | 208479387 | 第三借阅区/ [索取号:S633.1/325] | 在馆 | |
| 4 | 0847939 | 208479396 | 第三借阅区/ [索取号:S633.1/325] | 在馆 |